00681nam a2200229 a 4500001001300000003000900013005001700022008004100039020002300080082001600103100001800119245002200137260004400159300000900203500003500212505001300247650004000260902000800300942000700308952011900315999001700434nice12345678IN_TiNIC20260116015309.0070530s1986 wina grp 000 0 eng  a0919797504 c20000a303.66bTOE aToews, John E aPower of the Lamb aWinnipeg, Canada bKindred Press c1986 a183p aincludes index and biblioraphy2 aappendix aPeace-Religious Aspect-Christianity bSRS cBK 001040708StackRoom-aHMIbHMId2010-07-15g200.00l0o303.66 TOEp11002018r2010-07-15v200.00w2007-05-30yBK c19121d19121